000 00592nam a2200229Ia 4500
003 OSt
005 20220918203205.0
006 a|||||r|||| 00| 0
007 ta
008 220917b |||||||| |||| 00| 0 eng d
024 _a106,649
037 _cTextual
040 _aARTS
_cARTS
_beng
041 _2eng
_aeng
082 _aV3:6:K0, H1
100 _aHarrison
245 0 _aJacobean journal being a record of those things most talked of during the years
260 _c1941
650 _aHISTORY
942 _hV3:6:K0, H1
_cTEXL
_2CC
999 _c230007
_d230007